Normal view
MARC view
Entry Personal Name
001 - CONTROL NUMBER
- control field: 9666
003 - CONTROL NUMBER IDENTIFIER
- control field: ARRUPE
005 - DATE AND TIME OF LATEST TRANSACTION
- control field: 20140402113555.0
008 - FIXED-LENGTH DATA ELEMENTS
- fixed length control field: 140402|| aca||aabn | a|a d
040 ## - CATALOGING SOURCE
- Original cataloging agency: ARRUPE
- Transcribing agency: ARRUPE
100 ## - HEADING--PERSONAL NAME
- Personal name: Walker, Eric A.
- Fuller form of name: (Eric Anderson),
- Dates associated with a name: 1886-1976.
670 ## - SOURCE DATA FOUND
- Source citation: Work cat.: (ARRUPE)0: Walker, Eric A. (Eric Anderson), 1886-1976., A history of South Africa,, 1928.